000 00279nam a22001337a 4500
008 181012b xxu||||| |||| 00| 0 eng d
020 _a0253206049
041 _aeng
080 _a321
100 _a19
101 _aSHP
245 _aCamera Politica
_cRyan, M
942 _2udc
_cBK
999 _c49599
_d49599